000 00634nam a2200229Ia 4500
003 OSt
005 20220928123933.0
006 a|||||r|||| 00| 0
007 ta
008 220927b |||||||| |||| 00| 0 eng d
024 _a36653
037 _cTextual
040 _aSDCL
_cSDCL
_beng
041 _2eng
_aeng
082 _aU8.688'N6, L8
100 _aRobertson A F
_9446164
245 0 _aCommunity of strangers
_b A journal of discovery in Uganda.
260 _aLondon
_bScolar Press
_c1978
300 _axv,252p.
_ccm.
942 _hU8.688'N6, L8
_cTEXL
_2CC
999 _c775429
_d775429